• 首页
  • 本馆介绍
  • 公告通知
  • 最新文献
  • 馆藏检索
  • 电子资源
  • 读者导购
  • 参考咨询
  • 我的图书馆
  • 登录
  • 详细信息显示
  • 放入我的书架
  • 预约/预借图书
  • 作者相关作品
  • 分类相关作品
  • 丛书相关作品
  • 出版社相关作品

书目信息

  • 表格格式
  • 工作单格式
  • 卡片格式
题名:
细胞与能
    
 
作者: 戈德斯比 , Goldsby 著 ;张镜宇 译
分册:  
出版信息: 北京   科学出版社  1984
页数: 172页
开本: 19cm
丛书名:
单 册:
中图分类: Q26 , Q5
科图分类:
主题词: 细胞学:生物化学 , 生物化学:细胞学 , 生物化学
电子资源:
ISBN:
000 00870nam0 2200325 45
001 0184009619
005 20040525084107.3
010    @dCNY0.90
091    @b13031.2669
100    @a19950420d1984 em y0chiy0121 ea
101 1  @achi@ceng
102    @aCN@b110000
105    @ay z 000yy
106    @ar
200 10 @a细胞与能@Axi bao yu neng@f( )戈德斯比(R.A.Goldsby)著@g张镜宇译
210    @a北京@c科学出版社@d1984
215    @a172页@d19cm
300    @a书名原文:Cell and energy
510 1  @aCell and energy@zeng
606    @a细胞学:生物化学
606    @a生物化学:细胞学
606 0  @a生物化学
690    @aQ26@v3
690    @aQ5
701  1 @a戈德斯比@Age de si bi@bR.A.@4著
701 A1 @aGoldsby@bR.A.@4著
702  0 @a张镜宇@Azhang jing yu@4译
801  0 @aCN@b上海图书馆@c20040525
801  2 @aCN@bNLC@c20040525
905    @f1@b128674@dQ5@e18
    
    细胞与能/( )戈德斯比(R.A.Goldsby)著/张镜宇译.-北京:科学出版社,1984
    172页;19cm
    书名原文:Cell and energy
    
    ISBN :CNY0.90
    
●
相关链接 在E读中查询图书 在五车中查询图书 在当当中查询图书 在豆瓣中查询图书


正题名:细胞与能     索取号:Q5/18         预约/预借

序号 登录号 条形码 馆藏地/架位号 状态 备注
1 0128674   000076722   第三借阅区/ [索取号:Q5/18] 在馆    
2 0128675   202104301   第二样本阅览室/ [索取号:Q5/18] 在馆    
唐山师范学院图书馆 欢迎您!
大连网信软件有限公司© 版权所有